| 000 | 00594cam a22002052 4500 | ||
|---|---|---|---|
| 001 | 0000006185 | ||
| 005 | 20151217152014.0 | ||
| 008 | 070921s xx 000 0 eng d | ||
| 020 |
_a047111989X : _cKES 5,500 |
||
| 040 |
_aKABU _cKABU |
||
| 100 | 1 |
_aWebster, Frederick E. _@0000157579 |
|
| 245 | 1 | 0 | _aIndustrial marketing strategy. |
| 250 | _a3rd ed. | ||
| 260 |
_aNew York : _bJ. Wiley, _c1991. |
||
| 300 | _axiii, 365 p. | ||
| 650 | 0 |
_aIndustrial marketing _xManagement. _@0000157580 |
|
| 908 | _a070921 | ||
| 950 | _@1 | ||
| 999 |
_c7220 _d7220 |
||